000 00506nam a2200133 a 4500
008 120416s1966 ||||||||||||||||| || u
050 _aTK 7872.T73 Cha
245 1 0 _aCharacteristics and limitations of transistors
246 _aR. D. Thornton
260 _aNew York
_bJohn Wiley and Sons
_c1966
300 _axii, 180p. : ill.
350 _a0.00
995 _D0.00
_FCBU-MAIN LIBRARY (Kitwe)
_H1
_I0.00
_M1
_UAVAILABLE
_ZAnnex Low-Usage Collection
999 _c37111
_d37111